Elementary mechanics of solids (Record no. 4447)

000 -LEADER
fixed length control field 00558nam a2200217 a 4500
001 - CONTROL NUMBER
control field 4447
003 - CONTROL NUMBER IDENTIFIER
control field BD-DhUET
008 - FIXED-LENGTH DATA ELEMENTS--GENERAL INFORMATION
fixed length control field 810420t19811980nyua b 001 0 eng
020 ## - INTERNATIONAL STANDARD BOOK NUMBER
International Standard Book Number 085226819X
040 ## - CATALOGING SOURCE
Original cataloging agency DLC
Transcribing agency DLC
Modifying agency BD-DhUET
082 ## - DEWEY DECIMAL CLASSIFICATION NUMBER
Classification number 531
Item number SIN/1980
100 ## - MAIN ENTRY--PERSONAL NAME
Personal name Singh, Pashupati Nath
245 10 - TITLE STATEMENT
Title Elementary mechanics of solids
250 ## - EDITION STATEMENT
Edition statement 1st ed.
260 ## - PUBLICATION, DISTRIBUTION, ETC. (IMPRINT)
Place of publication, distribution, etc. New Delhi
Name of publisher, distributor, etc. Wiley Eastern
Date of publication, distribution, etc. 1980
300 ## - PHYSICAL DESCRIPTION
Extent xvi, 616p.
Other physical details ill.
504 ## - BIBLIOGRAPHY, ETC. NOTE
Bibliography, etc Includes bibliographies
650 #0 - SUBJECT ADDED ENTRY--TOPICAL TERM
Topical term or geographic name as entry element Mechanics of solids
700 ## - ADDED ENTRY--PERSONAL NAME
Personal name Jha, Prem Kumar
942 ## - ADDED ENTRY ELEMENTS (KOHA)
Koha item type General Book
Holdings
Koha item type Sublocation or collection (holding branch) Koha date last seen Shelving location Price effective from Source of classification or shelving scheme Date acquired Koha normalized classification for sorting Lost status Location (home branch) Damaged status Withdrawn status Koha full call number Copy number Not for loan Piece designation (barcode)
General BookCentral Library, BUET2014-11-16Circulation section2014-11-16 2014-11-16531_000000000000000_SIN_1980 Central Library, BUET  531/SIN/19801 59249
General BookCentral Library, BUET2015-03-10Circulation section2015-03-10 2015-03-10531_000000000000000_SIN_1980 Central Library, BUET  531/SIN/19802 59250
General BookCentral Library, BUET2015-03-10Circulation section2015-03-10 2015-03-10531_000000000000000_SIN_1980 Central Library, BUET  531/SIN/19803 59252
General BookCentral Library, BUET2015-03-10Circulation section2015-03-10 2015-03-10531_000000000000000_SIN_1980 Central Library, BUET  531/SIN/19804 59245
General BookCentral Library, BUET2015-03-10Circulation section2015-03-10 2015-03-10531_000000000000000_SIN_1980 Central Library, BUET  531/SIN/19805 59246
General BookCentral Library, BUET2015-03-11 2015-03-11 2015-03-11531_000000000000000_SIN_1980 Central Library, BUET  531/SIN/19806  
General BookCentral Library, BUET2015-03-11Circulation section2015-03-11 2015-03-11531_000000000000000_SIN_1980 Central Library, BUET  531/SIN/19807 59248
General BookCentral Library, BUET2015-03-11Circulation section2015-03-11 2015-03-11531_000000000000000_SIN_1980 Central Library, BUET  531/SIN/19808 57348
General BookCentral Library, BUET2016-03-27Circulation section2015-03-22 2015-03-22531_000000000000000_SIN_1980 Central Library, BUET  531/SIN/19809 55367
Reading ItemCentral Library, BUET2015-06-08Reading section2015-06-08 2015-06-08531_000000000000000_SIN_1980 Central Library, BUET  531/SIN/198010 59244
Reading ItemCentral Library, BUET2015-06-08Reading section2015-06-08 2015-06-08531_000000000000000_SIN_1980 Central Library, BUET  531/SIN/198011 59243